| 000 | 00634nam a2200181 4500 | ||
|---|---|---|---|
| 001 | 126202 | ||
| 003 | ES-MaACL | ||
| 005 | 20230906192756.0 | ||
| 007 | t| | ||
| 008 | 070214s1970 sp r ||||1| spa d | ||
| 245 | 0 | 3 |
_aLa religiosa en el mundo moderno _b: colaboraciones para el `aggiornamiento` / _cedición preparada por M. Muckenhirn ; [traducción por José A. García, José M. Gondra]. |
| 260 |
_aMadrid : _bRazón y Fé, _c1970. |
||
| 300 |
_a401 p. ; _c21 cm. |
||
| 700 | 1 |
_aMuckenhirn, M. _984019 |
|
| 700 | 1 |
_aGarcía, José A. _954043 |
|
| 700 | 0 |
_aGondra, José María. _958236 |
|
| 852 |
_aES-MaACL _jC-44258 _bR.74053 |
||
| 999 |
_c126202 _d126202 |
||